000 01073nam0a22002891 4500
001 rc\2327421
005 20260408002115.0
035 _a(NLR Aleph) 006675113
090 _a5025693
_c5025693
100 _a20110829d1977 |||y0rusy50 ca
101 0 _arus
102 _aRU
105 _ay z |||||
200 1 _aОлимпийские игры 1976 года
210 _aМосква
_cЗнание
_d1977
215 _a69 с.
_d19
300 _aВ надзаг.: Всесоюз. о-во "Знание", Науч.-метод. совет по пропаганде физ. культуры и спорта
606 _aОлимпийские игры, летние
_yМонреаль
_z1976
_2rkp
700 1 _aОрлов
_bР.В.
_gРостислав Васильевич
712 1 2 _aОлимпийские игры
_d21
_f1976
_eМонреаль
_3RU\NLR\AUTH\8810166473
_9828895
801 0 _aRU
_bNLR
_gpsbo
801 1 _aRU
_bELAR
_2rusmarc
852 _aNLR
_j78-4/12524
899 _aRuMoRGB
_jБ 78-51/430
899 _aRuMoRGB
_jБ 78-51/431
942 _cBOOK
980 _aNB